000
00314nam a2200133Ia 4500
008
220216s9999 xx 000 0 und d
100
_a
Hetier J M
245
0
_a
Natural latex
260
_b
Clinical Reviews in Allergy
_c
1993
300
_a
299-307
500
_a
Source Year: 1995
856
_u
IRRDB
942
_c
JS
999
_c
63436
_d
63436